00000000cam 2200000zi 4500
0019.947589
003CaOODSP
00520260512135344
006m     o  d f      
007cr |||||||||||
008250130t20262026onca    o    f000 0 eng d
020 |a9780660755151
040 |aCaOODSP|beng|erda|cCaOODSP
043 |an-cn---
0861 |aA104-632/4-2025E-PDF
24500|aStop invasive species in their tracks!
264 1|a[Ottawa] : |bCanadian Food Inspection Agency = Agence canadienne d'inspection des aliments, |c[2026]
264 4|c©2026
300 |a1 online resource (1 page) : |bcolour illustrations
336 |atext|btxt|2rdacontent
337 |acomputer|bc|2rdamedia
338 |aonline resource|bcr|2rdacarrier
500 |aIssued also in French under title: Empêchez les espèces envahissantes de se propager!
520 |a"They can travel when you do. Check these hotspots before you hit the road."
650 0|aIntroduced organisms|xControl|zCanada.
650 0|aLycorma delicatula|xControl|zCanada.
7102 |aCanadian Food Inspection Agency, |eissuing body.
77508|tEmpêchez les espèces envahissantes de se propager!|w(CaOODSP)9.947590
85640|qPDF|s2.02 MB|uhttps://publications.gc.ca/collections/collection_2026/acia-cfia/A104-632-4-2025-eng.pdf